[Event "St Petersburg Korchnoi Memorial op"]
[Site "St Petersburg"]
[Date "2018.08.16"]
[Round "2"]
[White "Ziegler, Michael"]
[Black "Arbynova, Agniya"]
[Result "1-0"]
[WhiteElo "2117"]
[BlackElo "1827"]
[PlyCount "87"]
[EventDate "2018.08.15"]
[EventType "swiss"]
[EventRounds "9"]
[EventCountry "RUS"]
[SourceTitle "CBM 186 Extra"]
[Source "ChessBase"]
[SourceDate "2018.08.24"]
[SourceVersion "1"]
[SourceVersionDate "2018.08.24"]
[SourceQuality "1"]

1. d4 Nf6 2. Nf3 e6 3. c4 b6 4. a3 d5 5. Nc3 Be7 6. cxd5 exd5 7. Bg5 0-0 8. e3 Nbd7 9. Bd3 Bb7 10. 0-0 c5 11. Qe2 h6 12. Bh4 Rc8 13. Ba6 Bxa6 14. Qxa6 Ra8 15. Rfd1 c4 16. Ne5 Nxe5 17. dxe5 Nd7 18. Bxe7 Qxe7 19. Nxd5 Qxe5 20. Qxc4 Nf6 21. Qd4 Qxd4 22. Ne7+ Kh7 23. Rxd4 Rfe8 24. Nf5 Rec8 25. Nd6 Rc2 26. b4 a5 27. b5 Kg6 28. h3 Ra7 29. Nc4 Rc7 30. Ne5+ Kh7 31. Nc6 Nd7 32. Rd6 Nc5 33. Nd4 Rxf2 34. Rxb6 Ne4 35. Rc6 Rb7 36. Rb1 Ra2 37. b6 Rxa3 38. Rc7 Nd6 39. Nf5 Rxb6 40. Rxb6 Nxf5 41. Rxf7 Nxe3 42. Rbb7 Ra1+ 43. Kf2 Nd1+ 44. Ke2 1-0

[Event "Regionalliga NW 1617"]
[Site "Bayern"]
[Date "2017.04.02"]
[Round "8.1"]
[White "Ostermeyer, Peter"]
[Black "Ziegler, Michael"]
[Result "1-0"]
[WhiteElo "2307"]
[BlackElo "2073"]
[PlyCount "63"]
[EventDate "2016.10.16"]
[EventType "team-tourn"]
[EventRounds "9"]
[EventCountry "GER"]
[SourceTitle "EXT 2019"]
[Source "ChessBase"]
[SourceDate "2018.10.10"]
[SourceVersion "1"]
[SourceVersionDate "2018.10.10"]
[SourceQuality "1"]
[WhiteTeam "Rottendorf"]
[BlackTeam "Prichsenstadt"]
[WhiteTeamCountry "GER"]
[BlackTeamCountry "GER"]

1. e4 e5 2. Nf3 Nc6 3. Nc3 Nf6 4. d4 exd4 5. Nxd4 Bb4 6. Nxc6 bxc6 7. Bd3 0-0 8. 0-0 d5 9. exd5 cxd5 10. h3 Re8 11. Qf3 c6 12. Bf4 Qe7 13. Ne2 Ne4 14. c3 Bd6 15. Rfe1 Qf6 16. Bxe4 Rxe4 17. Bxd6 Qxd6 18. Nd4 Rxe1+ 19. Rxe1 Bd7 20. b4 a5 21. a3 c5 22. bxc5 Qxc5 23. Re5 Qxa3 24. Rxd5 Be8 25. Kh2 Qe7 26. g3 g6 27. Rb5 Qd8 28. Rb7 a4 29. Qf4 a3 30. Nc6 Qd1 31. Ne7+ Kg7 32. Qe5+ 1-0

[Event "Regionalliga NW 1617"]
[Site "Bayern"]
[Date "2017.03.19"]
[Round "7.1"]
[White "Ziegler, Michael"]
[Black "Hofstetter, Hans Joachim"]
[Result "1-0"]
[WhiteElo "2073"]
[BlackElo "2134"]
[PlyCount "63"]
[EventDate "2016.10.16"]
[EventType "team-tourn"]
[EventRounds "9"]
[EventCountry "GER"]
[SourceTitle "EXT 2019"]
[Source "ChessBase"]
[SourceDate "2018.10.10"]
[SourceVersion "1"]
[SourceVersionDate "2018.10.10"]
[SourceQuality "1"]
[WhiteTeam "Prichsenstadt"]
[BlackTeam "Bad Neustadt"]
[WhiteTeamCountry "GER"]
[BlackTeamCountry "GER"]

1. Nf3 b5 2. d4 e6 3. e4 Bb7 4. Bd3 c5 5. c3 Qb6 6. 0-0 Nf6 7. Qe2 a6 8. a4 b4 9. Nbd2 Nc6 10. d5 Na5 11. c4 exd5 12. exd5+ Be7 13. Nh4 0-0 14. Nf5 Bd8 15. b3 g6 16. Nh6+ Kg7 17. Qe3 Re8 18. Qh3 Re5 19. g4 d6 20. Bb2 Bc8 21. Bxe5 dxe5 22. Rae1 Ra7 23. Bc2 Qd6 24. f3 Qe7 25. f4 Nxg4 26. Nxg4 h5 27. fxe5 hxg4 28. Qg3 Qg5 29. Ne4 Qh6 30. Nf6 Qd2 31. Qh4 Qd4+ 32. Rf2 1-0

[Event "Regionalliga NW 1617"]
[Site "Bayern"]
[Date "2017.02.05"]
[Round "5.1"]
[White "Ziegler, Michael"]
[Black "Grosshans, Ralf Michael"]
[Result "0-1"]
[WhiteElo "2073"]
[BlackElo "2066"]
[PlyCount "88"]
[EventDate "2016.10.16"]
[EventType "team-tourn"]
[EventRounds "9"]
[EventCountry "GER"]
[SourceTitle "EXT 2019"]
[Source "ChessBase"]
[SourceDate "2018.10.10"]
[SourceVersion "1"]
[SourceVersionDate "2018.10.10"]
[SourceQuality "1"]
[WhiteTeam "Prichsenstadt"]
[BlackTeam "Weidhausen"]
[WhiteTeamCountry "GER"]
[BlackTeamCountry "GER"]

1. d4 Nf6 2. Nf3 d6 3. c4 Nbd7 4. Nc3 e5 5. e4 c6 6. Be2 Qc7 7. 0-0 Be7 8. Be3 0-0 9. Qc2 exd4 10. Nxd4 Re8 11. Rfe1 a5 12. f3 Bf8 13. Bf1 g6 14. Kh1 Nc5 15. Rad1 Nh5 16. Qf2 Ng7 17. Nb3 Nd7 18. Na4 c5 19. Nc3 a4 20. Na1 Nb6 21. Nc2 Be6 22. Na3 Qc6 23. Rd2 f5 24. Red1 Nh5 25. g3 h6 26. Be2 Nf6 27. Bd3 Qc8 28. exf5 Bxf5 29. Ncb5 Qc6 30. Bxf5 gxf5 31. Rxd6 Bxd6 32. Rxd6 Ng4 33. Rxc6 Nxf2+ 34. Bxf2 bxc6 35. Nc7 Re2 36. Nxa8 Nxa8 37. Bxc5 Rxb2 38. Bd4 Rxa2 39. Nb1 Rc2 40. Na3 Rd2 41. Bc5 Nc7 42. f4 Ne6 43. Bb4 Rb2 44. Bd6 Kf7 0-1

[Event "Schweinfurt op 26th"]
[Site "Schweinfurt"]
[Date "2016.05.29"]
[Round "6"]
[White "Diller, Peter"]
[Black "Ziegler, Michael"]
[Result "0-1"]
[WhiteElo "1990"]
[BlackElo "2178"]
[PlyCount "42"]
[EventDate "2016.05.26"]
[EventType "swiss"]
[EventRounds "7"]
[EventCountry "GER"]
[SourceTitle "CBM 172 Extra"]
[Source "ChessBase"]
[SourceDate "2016.06.21"]
[SourceVersion "1"]
[SourceVersionDate "2016.06.21"]
[SourceQuality "1"]

1. e4 c5 2. f4 d5 3. e5 Nc6 4. Nf3 Bg4 5. c3 e6 6. d3 Nge7 7. Be3 Nf5 8. Bf2 g5 9. g3 gxf4 10. gxf4 Qb6 11. b3 Bh6 12. Rg1 Bh5 13. Bg3 Rg8 14. Kf2 c4+ 15. d4 Bxf3 16. Kxf3 Ncxd4+ 17. cxd4 Qxd4 18. Na3 Qe3+ 19. Kg2 Rxg3+ 20. hxg3 Qxg3+ 21. Kh1 Qh4+ 0-1

[Event "Schweinfurt op 26th"]
[Site "Schweinfurt"]
[Date "2016.05.29"]
[Round "7"]
[White "Ziegler, Michael"]
[Black "Becker, Matthias"]
[Result "0-1"]
[WhiteElo "2178"]
[BlackElo "2266"]
[PlyCount "50"]
[EventDate "2016.05.26"]
[EventType "swiss"]
[EventRounds "7"]
[EventCountry "GER"]
[SourceTitle "CBM 172 Extra"]
[Source "ChessBase"]
[SourceDate "2016.06.21"]
[SourceVersion "1"]
[SourceVersionDate "2016.06.21"]
[SourceQuality "1"]

1. d4 d6 2. Nf3 g6 3. c4 Bg7 4. Nc3 e5 5. e4 exd4 6. Nxd4 Nc6 7. Be3 Nge7 8. h4 f5 9. h5 fxe4 10. hxg6 hxg6 11. Rxh8+ Bxh8 12. Nxe4 Qd7 13. Qd2 Nf5 14. Nxf5 Qxf5 15. Ng3 Qf7 16. Rc1 Be6 17. Be2 0-0-0 18. Ne4 Qh7 19. Ng5 Qh1+ 20. Bf1 Bf5 21. Nf7 Ne5 22. Qd5 Nd3+ 23. Kd2 Nxc1 24. Be2 Nxa2 25. Bf3 Bc3+ 0-1

[Event "Regionalliga NW 1415"]
[Site "Bayern"]
[Date "2015.04.12"]
[Round "9.2"]
[White "Koch, Christian1111"]
[Black "Ziegler, Michael"]
[Result "1/2-1/2"]
[WhiteElo "1930"]
[BlackElo "2138"]
[PlyCount "105"]
[EventDate "2014.10.19"]
[EventType "team-tourn"]
[EventRounds "9"]
[EventCountry "GER"]
[SourceTitle "EXT 2018"]
[Source "ChessBase"]
[SourceDate "2017.10.13"]
[SourceVersion "1"]
[SourceVersionDate "2017.10.13"]
[SourceQuality "1"]
[WhiteTeam "Hoechstadt/Aisch"]
[BlackTeam "Prichsenstadt"]
[WhiteTeamCountry "GER"]
[BlackTeamCountry "GER"]

1. e4 c5 2. Nf3 e6 3. d4 cxd4 4. Nxd4 Nc6 5. Be3 Nf6 6. Nd2 d5 7. Bb5 Bd7 8. exd5 Nxd5 9. Bxc6 bxc6 10. Qe2 Be7 11. 0-0 0-0 12. N4b3 Nxe3 13. Qxe3 Qb6 14. Rfe1 Rfd8 15. Ne4 Be8 16. c4 Rab8 17. c5 Qb4 18. Rad1 a5 19. Rxd8 Bxd8 20. Re2 Be7 21. Rd2 e5 22. Nd6 f6 23. Qe4 Qxe4 24. Nxe4 a4 25. Nc1 Bg6 26. Nd6 Rd8 27. a3 Bxd6 28. cxd6 Kf7 29. Na2 Ke6 30. Nc3 Rxd6 31. Rxd6+ Kxd6 32. Nxa4 Kd5 33. Kf1 Kc4 34. Nc3 Kb3 35. Nd1 Bc2 36. Ke1 Bxd1 37. Kxd1 Kxb2 38. a4 c5 39. a5 c4 40. a6 c3 41. a7 c2+ 42. Ke2 c1Q 43. a8Q Qc4+ 44. Kd2 Qb4+ 45. Ke2 Kc3 46. Qf3+ Kb2 47. Qd3 Qc3 48. Qxh7 Qc4+ 49. Qd3 Qg4+ 50. Kd2 Qg5+ 51. Ke2 Qxg2 52. Qb5+ Kc3 53. Qc5+ 1/2-1/2

[Event "Regionalliga NW 1415"]
[Site "Bayern"]
[Date "2014.10.19"]
[Round "1.1"]
[White "Kopp, Andre"]
[Black "Ziegler, Michael"]
[Result "1/2-1/2"]
[WhiteElo "2153"]
[BlackElo "2138"]
[PlyCount "55"]
[EventDate "2014.10.19"]
[EventType "team-tourn"]
[EventRounds "9"]
[EventCountry "GER"]
[SourceTitle "EXT 2018"]
[Source "ChessBase"]
[SourceDate "2017.10.13"]
[SourceVersion "1"]
[SourceVersionDate "2017.10.13"]
[SourceQuality "1"]
[WhiteTeam "Marktleuthen"]
[BlackTeam "Prichsenstadt"]
[WhiteTeamCountry "GER"]
[BlackTeamCountry "GER"]

1. e4 c5 2. d4 cxd4 3. c3 Nf6 4. e5 Nd5 5. cxd4 d6 6. exd6 e6 7. Nc3 Nxc3 8. bxc3 Bxd6 9. Bd3 Qc7 10. Bd2 Nd7 11. Qg4 0-0 12. Nf3 f5 13. Qh3 g6 14. 0-0 e5 15. Bc2 e4 16. Ng5 Nf6 17. Qh4 Qe7 18. Rfe1 Nh5 19. f3 h6 20. fxe4 hxg5 21. Bxg5 Qc7 22. e5 Ba3 23. Bb3+ Kh7 24. c4 a5 25. Bd1 Qf7 26. Rb1 Ra6 27. d5 Bc5+ 28. Kh1 1/2-1/2

[Event "Schweinfurt op 24th"]
[Site "Schweinfurt"]
[Date "2014.06.21"]
[Round "5"]
[White "Golda, Harald"]
[Black "Ziegler, Michael"]
[Result "1/2-1/2"]
[WhiteElo "2345"]
[BlackElo "2158"]
[PlyCount "55"]
[EventDate "2014.06.19"]
[EventType "swiss"]
[EventRounds "7"]
[EventCountry "GER"]
[SourceTitle "CBM 161 Extra"]
[Source "ChessBase"]
[SourceDate "2014.08.29"]
[SourceVersion "1"]
[SourceVersionDate "2014.08.29"]
[SourceQuality "1"]

1. d4 Nf6 2. Nf3 g6 3. c4 Bg7 4. g3 0-0 5. Bg2 d5 6. cxd5 Nxd5 7. 0-0 Nc6 8. Nc3 Nb6 9. e3 Re8 10. b3 e5 11. Nxe5 Nxe5 12. dxe5 Bxe5 13. Bb2 Qxd1 14. Raxd1 c6 15. h3 Bg7 16. Rd2 f5 17. Rfd1 Be6 18. Kh2 a5 19. h4 a4 20. Nxa4 Nxa4 21. bxa4 Rxa4 22. Bxg7 Kxg7 23. Rb1 Re7 24. Rdb2 Ra7 25. a4 Kf6 26. Rb4 h6 27. Rc1 Rd7 28. Rc2 1/2-1/2

[Event "Schweinfurt op 24th"]
[Site "Schweinfurt"]
[Date "2014.06.19"]
[Round "1"]
[White "Hartmann, Christian"]
[Black "Ziegler, Michael"]
[Result "0-1"]
[WhiteElo "1650"]
[BlackElo "2158"]
[PlyCount "60"]
[EventDate "2014.06.19"]
[EventType "swiss"]
[EventRounds "7"]
[EventCountry "GER"]
[SourceTitle "CBM 161 Extra"]
[Source "ChessBase"]
[SourceDate "2014.08.29"]
[SourceVersion "1"]
[SourceVersionDate "2014.08.29"]
[SourceQuality "1"]

1. e4 c5 2. Nc3 e6 3. g3 d5 4. Bg2 dxe4 5. Nxe4 Be7 6. Ne2 Nf6 7. Nxf6+ Bxf6 8. 0-0 0-0 9. Nc3 Qc7 10. Ne4 Be7 11. d3 Nc6 12. a4 b6 13. f4 Bb7 14. c3 Rad8 15. Qc2 Ba6 16. Nf2 Rd7 17. Re1 Rfd8 18. Bf1 Bf6 19. Re3 g6 20. Bd2 Bg7 21. Rae1 Ne7 22. Rd1 Nf5 23. Ree1 Bb7 24. Bg2 Bxg2 25. Kxg2 Qc6+ 26. Kg1 c4 27. dxc4 Qxc4 28. Bc1 Nd4 29. Qe4 Ne2+ 30. Rxe2 Rxd1+ 0-1

[Event "Regionalliga NW 1314"]
[Site "Bayern"]
[Date "2013.12.15"]
[Round "4.2"]
[White "Ziegler, Michael"]
[Black "Becker, Tobias"]
[Result "0-1"]
[WhiteElo "2106"]
[BlackElo "2045"]
[PlyCount "52"]
[EventDate "2013.10.13"]
[EventType "team-tourn"]
[EventRounds "9"]
[EventCountry "GER"]
[SourceTitle "EXT 2015"]
[Source "ChessBase"]
[SourceDate "2014.11.20"]
[SourceVersion "1"]
[SourceVersionDate "2014.11.20"]
[SourceQuality "1"]
[WhiteTeam "Prichsenstadt"]
[BlackTeam "Kronach"]
[WhiteTeamCountry "GER"]
[BlackTeamCountry "GER"]

1. d4 Nf6 2. Nf3 g6 3. c4 Bg7 4. Nc3 d5 5. Bf4 0-0 6. Rc1 c6 7. e3 Qb6 8. Qd2 Ne4 9. Nxe4 dxe4 10. Ng5 Bf5 11. f3 exf3 12. Nxf3 c5 13. b3 Nc6 14. d5 Rad8 15. Bd3 Bxd3 16. Qxd3 e6 17. e4 Nb4 18. Qd2 f5 19. Bg5 fxe4 20. Bxd8 Qxd8 21. Ng5 Bh6 22. h4 Nd3+ 23. Kd1 exd5 24. Rc3 Bxg5 25. hxg5 Nf2+ 26. Kc1 Nxh1 0-1

[Event "Regionalliga NW 1314"]
[Site "Bayern"]
[Date "2013.10.13"]
[Round "1.2"]
[White "Reissner, Andreas"]
[Black "Ziegler, Michael"]
[Result "1/2-1/2"]
[WhiteElo "2052"]
[BlackElo "2106"]
[PlyCount "83"]
[EventDate "2013.10.13"]
[EventType "team-tourn"]
[EventRounds "9"]
[EventCountry "GER"]
[SourceTitle "EXT 2015"]
[Source "ChessBase"]
[SourceDate "2014.11.20"]
[SourceVersion "1"]
[SourceVersionDate "2014.11.20"]
[SourceQuality "1"]
[WhiteTeam "Marktleuthen"]
[BlackTeam "Prichsenstadt"]
[WhiteTeamCountry "GER"]
[BlackTeamCountry "GER"]

1. e4 c5 2. b3 Nf6 3. Nc3 Nc6 4. Bb2 a6 5. Nge2 e6 6. g3 Be7 7. Bg2 d6 8. d4 cxd4 9. Nxd4 Bd7 10. 0-0 Qc7 11. Nce2 0-0 12. c4 Rac8 13. Qd2 Qb8 14. Rac1 Rfd8 15. Ba3 Bf8 16. Bb2 Be7 17. Ba3 b5 18. cxb5 axb5 19. Rfd1 Bf8 20. Bb2 Nxd4 21. Bxd4 Ne8 22. h4 Bc6 23. Qe3 e5 24. Bxe5 dxe5 25. Rxd8 Rxd8 26. Rxc6 Qa8 27. Rc2 b4 28. Kh2 Qa6 29. Ng1 Nf6 30. Bf3 Rd4 31. Kg2 Rd3 32. Qe2 Qd6 33. Qe1 g6 34. Qc1 Kg7 35. h5 h6 36. hxg6 Kxg6 37. Rc6 Qd7 38. Be2 Rd6 39. Nf3 Rxc6 40. Qxc6 Qxc6 41. Nxe5+ Kg7 42. Nxc6 1/2-1/2

[Event "Eschborn op 10th"]
[Site "Eschborn"]
[Date "2013.09.01"]
[Round "5"]
[White "Ziegler, Michael"]
[Black "Mager, Denis"]
[Result "1/2-1/2"]
[WhiteElo "2167"]
[BlackElo "2079"]
[PlyCount "54"]
[EventDate "2013.08.30"]
[EventType "swiss"]
[EventRounds "5"]
[EventCountry "GER"]
[SourceTitle "EXT 2014"]
[Source "ChessBase"]
[SourceDate "2013.11.20"]
[SourceVersion "1"]
[SourceVersionDate "2013.11.20"]
[SourceQuality "1"]

1. d4 Nf6 2. Nf3 d5 3. c4 e6 4. g3 Bb4+ 5. Bd2 Bd6 6. Bg2 Nbd7 7. Qc2 c6 8. Bf4 Ne4 9. Bxd6 Nxd6 10. Nbd2 0-0 11. 0-0 f5 12. c5 Ne4 13. Nxe4 fxe4 14. Ne1 e5 15. e3 Qe7 16. Qc3 Rf6 17. Nc2 g5 18. f3 exf3 19. Bxf3 e4 20. Bg4 Rxf1+ 21. Rxf1 Nf6 22. Bxc8 Rxc8 23. Qd2 Rf8 24. Qe2 Qe6 25. b4 Qg4 26. Qxg4 Nxg4 27. Rxf8+ Kxf8 1/2-1/2

[Event "Eschborn op 10th"]
[Site "Eschborn"]
[Date "2013.08.31"]
[Round "2"]
[White "Gutacker, Stephan"]
[Black "Ziegler, Michael"]
[Result "0-1"]
[WhiteElo "1893"]
[BlackElo "2167"]
[PlyCount "46"]
[EventDate "2013.08.30"]
[EventType "swiss"]
[EventRounds "5"]
[EventCountry "GER"]
[SourceTitle "EXT 2014"]
[Source "ChessBase"]
[SourceDate "2013.11.20"]
[SourceVersion "1"]
[SourceVersionDate "2013.11.20"]
[SourceQuality "1"]

1. e4 c5 2. c3 Nf6 3. e5 Nd5 4. Nf3 e6 5. d4 cxd4 6. cxd4 d6 7. Nc3 Nxc3 8. bxc3 Qc7 9. Qb3 Bd7 10. Ba3 Bc6 11. Be2 Nd7 12. 0-0 dxe5 13. Bxf8 Kxf8 14. c4 Bxf3 15. Bxf3 exd4 16. Bxb7 Rb8 17. Qa3+ Qc5 18. Qa6 g6 19. Rab1 Kg7 20. Rfc1 d3 21. Bc6 d2 22. Rd1 Rxb1 23. Rxb1 Ne5 0-1

[Event "Schweinfurt op 23rd"]
[Site "Schweinfurt"]
[Date "2013.06.02"]
[Round "7"]
[White "Ziegler, Michael"]
[Black "Kunz, Konstantin"]
[Result "1-0"]
[WhiteElo "2151"]
[BlackElo "2184"]
[PlyCount "81"]
[EventDate "2013.05.30"]
[EventType "swiss"]
[EventRounds "7"]
[EventCountry "GER"]
[SourceTitle "CBM 154 Extra"]
[Source "ChessBase"]
[SourceDate "2013.06.25"]
[SourceVersion "2"]
[SourceVersionDate "2013.06.25"]
[SourceQuality "1"]

1. d4 Nf6 2. c4 e6 3. g3 d5 4. Nf3 Bb4+ 5. Bd2 Bxd2+ 6. Nbxd2 Nc6 7. Bg2 0-0 8. 0-0 Qe7 9. Qc2 Rd8 10. Rfd1 Bd7 11. a3 a5 12. b3 Be8 13. e3 Rab8 14. Rdc1 h6 15. h3 Rbc8 16. Qc3 b6 17. Bf1 Ne4 18. Nxe4 dxe4 19. Nd2 f5 20. c5 e5 21. d5 Rxd5 22. cxb6 cxb6 23. Bc4 Bf7 24. Bxd5 Bxd5 25. Nc4 Rb8 26. Rd1 Qe6 27. Rd2 f4 28. exf4 exf4 29. gxf4 b5 30. Ne3 b4 31. Qc5 Bxb3 32. Rd6 Qxh3 33. Qxc6 Qf3 34. Rd4 Qxf4 35. Qxe4 Qf6 36. Qf4 Qg6+ 37. Qg4 Qf6 38. Qf4 Qg6+ 39. Qg3 Qb6 40. Rd7 Bf7 41. Nf5 1-0

[Event "Schweinfurt op 23rd"]
[Site "Schweinfurt"]
[Date "2013.06.01"]
[Round "4"]
[White "Schneider, Johannes"]
[Black "Ziegler, Michael"]
[Result "0-1"]
[WhiteElo "1840"]
[BlackElo "2151"]
[PlyCount "96"]
[EventDate "2013.05.30"]
[EventType "swiss"]
[EventRounds "7"]
[EventCountry "GER"]
[SourceTitle "CBM 154 Extra"]
[Source "ChessBase"]
[SourceDate "2013.06.25"]
[SourceVersion "2"]
[SourceVersionDate "2013.06.25"]
[SourceQuality "1"]

1. d4 Nf6 2. c4 g6 3. Nc3 d5 4. cxd5 Nxd5 5. e4 Nxc3 6. bxc3 c5 7. Bc4 Bg7 8. Ne2 0-0 9. 0-0 Nc6 10. Be3 b6 11. dxc5 Qc7 12. cxb6 axb6 13. Bd5 e6 14. Bxc6 Qxc6 15. Qb3 Qxe4 16. Qxb6 Ba6 17. Ng3 Qc4 18. Rfc1 Rfc8 19. Qb3 Qxb3 20. axb3 Rxc3 21. Rxc3 Bxc3 22. Ra2 Bb7 23. Rxa8+ Bxa8 24. Bc5 e5 25. f3 f5 26. Kf2 Kf7 27. Ke2 Ke6 28. Kd3 Be1 29. Ke2 Ba5 30. Kd3 Bb7 31. b4 Ba6+ 32. Kc3 Bd8 33. Nh1 Bf1 34. g4 Bg2 35. Nf2 Bxf3 36. gxf5+ gxf5 37. Kd3 Bc6 38. Kc4 Bd5+ 39. Kb5 f4 40. Nd3 Kf5 41. Bd6 f3 42. Kc5 e4 43. Nf4 Bb7 44. Kd4 Bf6+ 45. Kc5 e3 46. Nh5 Be5 47. Ng3+ Bxg3 48. Bxg3 f2 0-1

[Event "Stuttgart-chB int"]
[Site "Ditzingen"]
[Date "2013.05.11"]
[Round "6"]
[White "Reichardt, Bernd"]
[Black "Ziegler, Michael"]
[Result "1-0"]
[WhiteElo "1814"]
[BlackElo "1658"]
[PlyCount "69"]
[EventDate "2013.05.09"]
[EventType "swiss"]
[EventRounds "7"]
[EventCountry "GER"]
[SourceTitle "EXT 2014"]
[Source "ChessBase"]
[SourceDate "2013.11.20"]
[SourceVersion "1"]
[SourceVersionDate "2013.11.20"]
[SourceQuality "1"]

1. Nf3 Nf6 2. c4 d6 3. d4 g6 4. Nc3 Bg7 5. e3 0-0 6. Bd3 d5 7. cxd5 Nxd5 8. Qb3 c6 9. Bc4 e6 10. e4 Nb6 11. Bg5 Qc7 12. 0-0 Nxc4 13. Qxc4 f6 14. Be3 Qf7 15. Rad1 Re8 16. Rfe1 b6 17. b4 b5 18. Qb3 Bf8 19. a3 a5 20. Ra1 axb4 21. axb4 Rxa1 22. Rxa1 Na6 23. Na2 Bb7 24. Ne1 Rd8 25. Nd3 Qd7 26. Nc5 Nxc5 27. bxc5 Ra8 28. Rc1 Bc8 29. Nb4 Qe8 30. h3 Kg7 31. d5 exd5 32. exd5 Qf7 33. Nxc6 Bd7 34. Nd4 Rc8 35. c6 1-0

[Event "Stuttgart-chB int"]
[Site "Ditzingen"]
[Date "2013.05.09"]
[Round "1"]
[White "Muench, Werner"]
[Black "Ziegler, Michael"]
[Result "1/2-1/2"]
[WhiteElo "1841"]
[BlackElo "1658"]
[PlyCount "42"]
[EventDate "2013.05.09"]
[EventType "swiss"]
[EventRounds "7"]
[EventCountry "GER"]
[SourceTitle "EXT 2014"]
[Source "ChessBase"]
[SourceDate "2013.11.20"]
[SourceVersion "1"]
[SourceVersionDate "2013.11.20"]
[SourceQuality "1"]

1. d4 Nf6 2. c4 d6 3. Nc3 g6 4. e4 Bg7 5. Be2 0-0 6. Nf3 Ne8 7. 0-0 f5 8. exf5 Bxf5 9. Be3 Nc6 10. d5 Ne5 11. Nd4 Qc8 12. Nxf5 Qxf5 13. f4 Nf7 14. Bg4 Qf6 15. Qd2 Kh8 16. Rad1 Nh6 17. Be6 Nf5 18. g4 Nxe3 19. Qxe3 Qh4 20. g5 c5 21. Ne2 Nc7 1/2-1/2

[Event "Stuttgart-chB int"]
[Site "Gerlingen"]
[Date "2011.06.03"]
[Round "5"]
[White "Ziegler, Michael"]
[Black "Reichardt, Bernd"]
[Result "1-0"]
[WhiteElo "1626"]
[BlackElo "1803"]
[PlyCount "165"]
[EventDate "2011.06.02"]
[EventType "swiss"]
[EventRounds "7"]
[EventCountry "GER"]
[SourceTitle "EXT 2018"]
[Source "ChessBase"]
[SourceDate "2017.10.13"]
[SourceVersion "1"]
[SourceVersionDate "2017.10.13"]
[SourceQuality "1"]

1. e4 e5 2. Nf3 Nf6 3. d3 d6 4. Nc3 Be7 5. Be2 0-0 6. 0-0 b6 7. b3 c5 8. Bb2 Nc6 9. Qd2 Bg4 10. Nd1 Bxf3 11. Bxf3 Nd4 12. Be2 Nd7 13. Ne3 Bg5 14. Bd1 f5 15. f3 Bxe3+ 16. Qxe3 f4 17. Qf2 Qg5 18. c3 Ne6 19. Be2 h5 20. Rad1 Rad8 21. d4 Kh7 22. Bc4 Nc7 23. Qe2 h4 24. Rf2 Qf6 25. Qf1 exd4 26. cxd4 cxd4 27. Rxd4 Ne5 28. Rd1 Rd7 29. Kh1 Qg5 30. Bd5 Nxd5 31. Rxd5 Rfd8 32. Rfd2 Qe7 33. Qd1 Nf7 34. e5 Re8 35. Qb1+ Kg8 36. Qf5 Nxe5 37. Rxe5 dxe5 38. Rxd7 Qf6 39. Qd3 Kh8 40. Qd2 a5 41. Kg1 Qf5 42. Qd3 Qe6 43. Rd6 Qe7 44. Ba3 Qb7 45. Qb5 Qf7 46. Qxb6 a4 47. Qb5 axb3 48. Qxb3 Qa7+ 49. Rb6 Ra8 50. Bc5 Qxa2 51. Qxa2 Rxa2 52. h3 Ra1+ 53. Kh2 Kh7 54. Be7 Ra8 55. Bxh4 Re8 56. Bg5 Kg8 57. h4 Kf7 58. Kh3 g6 59. Kg4 Rc8 60. Rf6+ Kg7 61. Re6 Rc2 62. Rxe5 Rxg2+ 63. Kxf4 Rc2 64. Re7+ Kf8 65. Ra7 Re2 66. Bh6+ Ke8 67. Rg7 Rg2 68. Bg5 Kf8 69. Rxg6 Kf7 70. Kf5 Rf2 71. f4 Rh2 72. Rf6+ Kg7 73. Kg4 Rg2+ 74. Kh5 Rc2 75. f5 Rc5 76. Rg6+ Kh7 77. f6 Rc7 78. Rh6+ Kg8 79. Kg6 Rc6 80. Rh7 Ra6 81. Rc7 Ra8 82. f7+ Kf8 83. Bh6# 1-0

[Event "Stuttgart-chB int"]
[Site "Gerlingen"]
[Date "2011.06.02"]
[Round "1"]
[White "Ziegler, Michael"]
[Black "Pudmensky, Stefan"]
[Result "0-1"]
[WhiteElo "1626"]
[BlackElo "1853"]
[PlyCount "112"]
[EventDate "2011.06.02"]
[EventType "swiss"]
[EventRounds "7"]
[EventCountry "GER"]
[SourceTitle "EXT 2018"]
[Source "ChessBase"]
[SourceDate "2017.10.13"]
[SourceVersion "1"]
[SourceVersionDate "2017.10.13"]
[SourceQuality "1"]

1. e4 c5 2. Nf3 d6 3. Bb5+ Nc6 4. d4 cxd4 5. Nxd4 Bd7 6. 0-0 Nf6 7. Nc3 e6 8. a3 Be7 9. Be3 0-0 10. Kh1 Nxd4 11. Bxd4 Bxb5 12. Nxb5 Nxe4 13. Qg4 Nf6 14. Qg3 e5 15. Be3 Ne4 16. Qf3 f5 17. Qe2 a6 18. f3 axb5 19. fxe4 f4 20. Bg1 Qd7 21. Rf3 b4 22. Qc4+ Kh8 23. Qxb4 Ra4 24. Qe1 Qc6 25. b4 Rc8 26. c3 b5 27. Rd3 Rca8 28. Rd5 Rxa3 29. Rc1 Qc4 30. Qd1 Qxe4 31. Rxb5 Ra2 32. Qg4 h6 33. Qf3 Qe2 34. Qxe2 Rxe2 35. Ra5 Rxa5 36. bxa5 Ra2 37. Bb6 e4 38. Kg1 Bf6 39. c4 e3 40. c5 dxc5 41. Bxc5 Rxa5 42. Bb4 Ra1 43. Rxa1 Bxa1 44. Kf1 Kh7 45. Ke2 Kg6 46. Kf3 Kf5 47. h3 g5 48. Bf8 h5 49. Bc5 g4+ 50. hxg4+ hxg4+ 51. Ke2 Ke4 52. Bb4 f3+ 53. gxf3+ gxf3+ 54. Kf1 Kd3 55. Be1 e2+ 56. Kf2 Bc3 0-1

[Event "Unterfranken-ch M1 62th"]
[Site "Gerolzhofen"]
[Date "2011.04.27"]
[Round "4"]
[White "Ziegler, Michael"]
[Black "Golda, Harald"]
[Result "0-1"]
[WhiteElo "2127"]
[BlackElo "2301"]
[PlyCount "80"]
[EventDate "2011.04.25"]
[EventType "swiss"]
[EventRounds "9"]
[EventCountry "GER"]
[SourceTitle "EXT 2015"]
[Source "ChessBase"]
[SourceDate "2014.11.20"]
[SourceVersion "1"]
[SourceVersionDate "2014.11.20"]
[SourceQuality "1"]

1. d4 Nf6 2. c4 e6 3. g3 d5 4. Nf3 Be7 5. Bg2 0-0 6. 0-0 dxc4 7. Qc2 a6 8. Qxc4 b5 9. Qc2 Bb7 10. Bd2 Be4 11. Qc1 Nbd7 12. Bg5 h6 13. Bxf6 Nxf6 14. Nbd2 Bd5 15. Qc2 Rc8 16. Nb3 Be4 17. Qd2 c5 18. dxc5 Qxd2 19. Nfxd2 Bxg2 20. Kxg2 Bxc5 21. Nxc5 Rxc5 22. Rfc1 Rfc8 23. Nb3 Rc2 24. Kf3 Nd5 25. Rab1 Nb6 26. Rxc2 Rxc2 27. Rc1 Rxb2 28. Rc6 Na4 29. Rxa6 Rxa2 30. Ra8+ Kh7 31. Nd4 b4 32. Rb8 Rb2 33. Nc6 b3 34. Na5 Nc5 35. Rb5 Rc2 36. Nb7 Rc3+ 37. e3 Na4 38. Nd6 b2 39. Ne4 Rc1 40. Nd2 Rd1 0-1